[Event "37th ECC Women 2022"]
[Site "Mayrhofen AUT"]
[Date "2022.10.05"]
[Round "3.8"]
[Board "3"]
[White "Reprun, Nadejda"]
[Black "Peglau, Mirjam"]
[Result "1/2-1/2"]
[WhiteElo "1968"]
[BlackElo "1886"]
[WhiteTeam "Rishon Lezion Chess Club"]
[BlackTeam "Schachzentrum Seeblick e.V."]
[WhiteFideId "2806843"]
[BlackFideId "16211138"]
[EventDate "2022.10.03"]

1. e4 c5 2. Nf3 b6 3. Bc4 Bb7 4. Nc3 e6 5. O-O Nf6 6. Re1 Be7 7. d4 cxd4 8. Nxd4
O-O 9. Bg5 Nxe4 10. Bxe7 Nxc3 11. Bxd8 Nxd1 12. Be7 Rc8 13. Bxe6 dxe6 14. Raxd1
Nc6 15. Nxc6 Bxc6 16. c4 Be8 17. Rd4 Rc7 18. Ba3 a5 19. Red1 h6 20. Rd8 Rac8 21.
b3 Kh7 22. h3 b5 23. Rxc8 Rxc8 24. cxb5 Bxb5 25. Rc1 Rxc1+ 26. Bxc1 Kg6 27. Bb2
f6 28. Bc3 a4 29. bxa4 Bxa4 30. f3 Kf5 31. h4 1/2-1/2

[Event "37th ECC Women 2022"]
[Site "Mayrhofen AUT"]
[Date "2022.10.06"]
[Round "4.1"]
[Board "1"]
[White "Bulmaga, Irina"]
[Black "Danielian, Elina"]
[Result "1-0"]
[WhiteTitle "IM"]
[BlackTitle "GM"]
[WhiteElo "2417"]
[BlackElo "2431"]
[WhiteTeam "CSU ASE Superbet"]
[BlackTeam "ASVOe Pamhagen"]
[WhiteFideId "13903063"]
[BlackFideId "13300210"]
[EventDate "2022.10.03"]

1. e4 e6 2. d4 d5 3. Nc3 Bb4 4. e5 c5 5. a3 Ba5 6. b4 cxd4 7. Nb5 Bc7 8. f4 Bd7
9. Nxc7+ Qxc7 10. Bb2 Ne7 11. Bd3 Ba4 12. Bxd4 Nf5 13. Bxf5 exf5 14. Qd2 O-O 15.
c3 Nc6 16. Nf3 Rfc8 17. Rc1 Bb5 18. Kf2 a5 19. Ra1 Bc4 20. Qe3 Qd7 21. h3 Ra6
22. Rhe1 Rca8 23. Bc5 axb4 24. cxb4 Nd8 25. g4 fxg4 26. hxg4 Qxg4 27. Rg1 Qf5
28. Nd4 Qd3 29. Qxd3 Bxd3 30. Ke3 Be4 31. b5 Rh6 32. f5 Rh3+ 33. Kf4 h6 34. e6
fxe6 35. fxe6 b6 36. Bxb6 Nb7 37. Kg4 Rd3 38. Rgd1 Rdxa3 39. Rxa3 Rxa3 40. Rc1
Kh7 41. Rc7 Nd6 42. Bc5 h5+ 43. Kf4 Nxb5 44. Nxb5 Rf3+ 45. Ke5 h4 46. Rf7 h3 47.
Rxf3 Bxf3 48. Bg1 Kg8 49. Nc7 Kf8 50. Kd6 Bh5 51. e7+ Kg8 52. Kxd5 g5 53. Ke5 g4
54. Bh2 Kg7 55. Kf5 Bg6+ 56. Kg5 Be8 57. Nxe8+ Kf7 58. Nf6 Kxe7 59. Nxg4 Ke6 60.
Kf4 Kd5 61. Nf2 Kd4 62. Kf3 Kd5 63. Ke3 Kc5 64. Kd3 Kd5 65. Nxh3 Kc5 66. Nf4 Kd6
67. Kd4 Kc6 68. Nd3 Kb5 69. Bd6 Kc6 70. Bc5 Kc7 71. Kd5 Kb7 72. Kd6 Kc8 73. Kc6
Kb8 74. Nf4 Ka8 75. Nd5 Kb8 76. Nc7 Kc8 77. Ba7 Kd8 78. Nd5 Ke8 79. Kd6 Kf7 80.
Ne7 Kf6 81. Be3 Kf7 82. Bg5 Ke8 83. Ke6 Kd8 84. Bf4 Ke8 85. Bc7 Kf8 86. Nf5 Ke8
87. Ng7+ Kf8 88. Kf6 Kg8 89. Kg6 Kf8 90. Bd6+ Kg8 91. Bc5 Kh8 92. Nf5 Kg8 93.
Nh6+ 1-0

[Event "37th ECC Women 2022"]
[Site "Mayrhofen AUT"]
[Date "2022.10.06"]
[Round "4.1"]
[Board "2"]
[White "Ushenina, Anna"]
[Black "Saduakassova, Dinara"]
[Result "1/2-1/2"]
[WhiteTitle "GM"]
[BlackTitle "IM"]
[WhiteElo "2445"]
[BlackElo "2434"]
[WhiteTeam "ASVOe Pamhagen"]
[BlackTeam "CSU ASE Superbet"]
[WhiteFideId "14110911"]
[BlackFideId "13700090"]
[EventDate "2022.10.03"]

1. d4 Nf6 2. c4 e6 3. Nc3 Bb4 4. e3 O-O 5. Bd2 d5 6. Nf3 b6 7. cxd5 exd5 8. Rc1
a6 9. Bd3 Bb7 10. O-O Bd6 11. Ne5 c5 12. f4 Nc6 13. Ng4 Be7 14. Nxf6+ Bxf6 15.
dxc5 bxc5 16. b3 c4 17. bxc4 Nb4 18. Bb1 dxc4 19. Ne4 Bxe4 20. Bxe4 c3 21. Bxc3
Qxd1 22. Rcxd1 Bxc3 23. Bxa8 Rxa8 24. a3 Nc2 25. Rc1 Nxe3 26. Rxc3 Nxf1 27. Kxf1
h5 28. Rc6 Rd8 29. Rxa6 Rd4 30. g3 Rd2 31. h4 Ra2 32. f5 Kf8 33. Ra7 Rc2 34.
Ra8+ Ke7 35. Rh8 Ra2 36. Rxh5 Kf6 37. Rh7 Rxa3 38. Kg2 Ra5 39. g4 Ra2+ 40. Kg3
Ra3+ 1/2-1/2

[Event "37th ECC Women 2022"]
[Site "Mayrhofen AUT"]
[Date "2022.10.06"]
[Round "4.1"]
[Board "3"]
[White "Atalik, Ekaterina"]
[Black "Osmak, Yuliia"]
[Result "1/2-1/2"]
[WhiteTitle "IM"]
[BlackTitle "IM"]
[WhiteElo "2406"]
[BlackElo "2428"]
[WhiteTeam "CSU ASE Superbet"]
[BlackTeam "ASVOe Pamhagen"]
[WhiteFideId "4130189"]
[BlackFideId "14101602"]
[EventDate "2022.10.03"]

1. d4 d5 2. c4 dxc4 3. Nf3 Nf6 4. e3 e6 5. Bxc4 a6 6. O-O Nbd7 7. b3 b6 8. Bb2
Bb7 9. Nbd2 Be7 10. Be2 O-O 11. Nc4 c5 12. Rc1 b5 13. Nce5 Rc8 14. dxc5 Nxc5 15.
Qd4 Qxd4 16. Nxd4 Nd5 17. Nd3 Nxd3 18. Bxd3 Bf6 19. Be4 Ba8 20. Bxd5 Bxd5 21. f3
Bb7 22. Kf2 Rfd8 23. Rxc8 Rxc8 24. Rc1 Rxc1 25. Bxc1 Bxd4 26. exd4 a5 27. Bd2 a4
28. bxa4 bxa4 29. Bb4 Bd5 30. a3 f6 31. Ke3 1/2-1/2

[Event "37th ECC Women 2022"]
[Site "Mayrhofen AUT"]
[Date "2022.10.06"]
[Round "4.1"]
[Board "4"]
[White "Maltsevskaya, Aleksandra"]
[Black "Efroimski, Marsel"]
[Result "1-0"]
[WhiteTitle "IM"]
[BlackTitle "IM"]
[WhiteElo "2389"]
[BlackElo "2462"]
[WhiteTeam "ASVOe Pamhagen"]
[BlackTeam "CSU ASE Superbet"]
[WhiteFideId "24174041"]
[BlackFideId "2810964"]
[EventDate "2022.10.03"]

1. e4 c5 2. Nf3 Nc6 3. d4 cxd4 4. Nxd4 e5 5. Nb5 d6 6. a4 a6 7. N5a3 Be6 8. Bc4
Bxc4 9. Nxc4 Rc8 10. O-O Nf6 11. Bg5 Nd4 12. Nba3 h6 13. Bxf6 Qxf6 14. c3 Nc6
15. b4 Qg6 16. b5 Nd8 17. Nb6 Rc5 18. bxa6 bxa6 19. Qd3 Be7 20. Qxa6 Qxe4 21. a5
Ne6 22. Qa7 Qc6 23. Nc2 Nf4 24. Ne3 Bd8 25. c4 Bc7 26. Ned5 Ne6 27. a6 f6 28.
Nxc7+ Nxc7 29. Qb8+ Kf7 30. Qxh8 Qxb6 31. a7 Ra5 32. Rxa5 Qxa5 33. Qb8 1-0

[Event "37th ECC Women 2022"]
[Site "Mayrhofen AUT"]
[Date "2022.10.06"]
[Round "4.2"]
[Board "1"]
[White "Muzychuk, Anna"]
[Black "Salimova, Nurgyul"]
[Result "1/2-1/2"]
[WhiteTitle "GM"]
[BlackTitle "IM"]
[WhiteElo "2534"]
[BlackElo "2415"]
[WhiteTeam "Cercle d'Echecs de Monte-Carlo"]
[BlackTeam "SK Erste Bank Baden"]
[WhiteFideId "14111330"]
[BlackFideId "2915138"]
[EventDate "2022.10.03"]

1. e4 e5 2. Nf3 Nc6 3. Bb5 a6 4. Ba4 Nf6 5. O-O Nxe4 6. d4 b5 7. Bb3 d5 8. dxe5
Be6 9. Be3 Be7 10. c3 O-O 11. Nbd2 Bg4 12. h3 Nxd2 13. hxg4 Nxf1 14. Kxf1 Na5
15. Bxd5 c6 16. Be4 Qxd1+ 17. Rxd1 Nc4 18. Bc1 Rad8 19. Re1 c5 20. g3 h6 21. Kg2
Rfe8 22. b3 Nb6 23. g5 hxg5 24. Nxg5 Nd5 25. Bh7+ Kf8 26. Ne4 Nc7 27. Rh1 Rd5
28. f4 Red8 29. Bf5 Kg8 30. Bh7+ Kf8 31. Bf5 Kg8 32. Bg4 c4 33. Be3 Ne6 34. b4
Rd3 35. Kf2 a5 36. bxa5 Ra8 37. f5 Nc7 38. f6 gxf6 39. exf6 Rxe3 40. Kxe3 1/2-1/2

[Event "37th ECC Women 2022"]
[Site "Mayrhofen AUT"]
[Date "2022.10.06"]
[Round "4.2"]
[Board "2"]
[White "Roebers, Eline"]
[Black "Stefanova, Antoaneta"]
[Result "1/2-1/2"]
[BlackTitle "GM"]
[WhiteElo "2352"]
[BlackElo "2440"]
[WhiteTeam "SK Erste Bank Baden"]
[BlackTeam "Cercle d'Echecs de Monte-Carlo"]
[WhiteFideId "1058401"]
[BlackFideId "2902257"]
[EventDate "2022.10.03"]

1. e4 e5 2. Nf3 Nc6 3. Bb5 a6 4. Ba4 Nge7 5. Nc3 d6 6. O-O h6 7. Re1 g5 8. d4 b5
9. Bb3 g4 10. Nd5 Bg7 11. Nxe7 Nxe7 12. Nh4 exd4 13. Nf5 Nxf5 14. exf5+ Kf8 15.
Qxg4 Bb7 16. Qh5 d5 17. Bf4 c5 18. f6 Bxf6 19. Bxh6+ Rxh6 20. Qxh6+ Bg7 21. Qf4
c4 22. Re2 d3 23. cxd3 cxb3 24. axb3 d4 25. Rae1 Qd5 26. f3 Qxb3 27. Re8+ Rxe8
28. Qd6+ Kg8 29. Rxe8+ Kh7 30. Qe7 Qd1+ 31. Kf2 Qd2+ 32. Kg3 Bd5 33. Qh4+ Kg6
34. Qg4+ Qg5 35. h4 Qxg4+ 36. fxg4 a5 37. Kf4 Bxg2 38. Rb8 b4 39. Rb5 Bf1 40.
Ke4 Bg2+ 41. Kf4 Bf1 42. Ke4 Bg2+ 43. Kf4 1/2-1/2

[Event "37th ECC Women 2022"]
[Site "Mayrhofen AUT"]
[Date "2022.10.06"]
[Round "4.2"]
[Board "3"]
[White "Cramling, Pia"]
[Black "Wagner, Dinara"]
[Result "1/2-1/2"]
[WhiteTitle "GM"]
[BlackTitle "WGM"]
[WhiteElo "2459"]
[BlackElo "2390"]
[WhiteTeam "Cercle d'Echecs de Monte-Carlo"]
[BlackTeam "SK Erste Bank Baden"]
[WhiteFideId "1700030"]
[BlackFideId "24157570"]
[EventDate "2022.10.03"]

1. d4 Nf6 2. Nf3 d5 3. c4 e6 4. e3 c5 5. cxd5 exd5 6. Bb5+ Bd7 7. Bxd7+ Nbxd7 8.
dxc5 Nxc5 9. O-O Be7 10. Bd2 O-O 11. Bc3 Nfe4 12. Bd4 Bf6 13. Nbd2 Rc8 14. Nb3
Nxb3 15. Bxf6 Nxf6 16. Qxb3 Qc7 17. Nd4 Ng4 18. g3 Rfd8 19. Rad1 Qe7 20. Rc1 Qd7
21. Qb5 Qxb5 22. Nxb5 g6 23. Rfd1 Nf6 24. a3 a6 25. Nd4 Kf8 26. Kf1 Ke7 27. Ke2
Ne4 28. Nb3 Rxc1 29. Rxc1 Nd6 30. Nd4 Rc8 31. Rxc8 Nxc8 32. Kd3 Kd6 33. f3 Nb6
34. b3 Nd7 1/2-1/2

[Event "37th ECC Women 2022"]
[Site "Mayrhofen AUT"]
[Date "2022.10.06"]
[Round "4.2"]
[Board "4"]
[White "Heinemann, Josefine"]
[Black "Paehtz, Elisabeth"]
[Result "1/2-1/2"]
[WhiteTitle "WGM"]
[BlackTitle "IM"]
[WhiteElo "2318"]
[BlackElo "2469"]
[WhiteTeam "SK Erste Bank Baden"]
[BlackTeam "Cercle d'Echecs de Monte-Carlo"]
[WhiteFideId "12900460"]
[BlackFideId "4641833"]
[EventDate "2022.10.03"]

1. e4 c6 2. d4 d5 3. e5 Bf5 4. Nf3 e6 5. Be2 Nd7 6. O-O h6 7. Nbd2 Ne7 8. Nb3 a5
9. a4 Qb6 10. h3 Bh7 11. Bd2 Ng6 12. Bd3 Be7 13. g3 Qc7 14. Rc1 O-O 15. h4 Rfd8
16. Qe2 c5 17. c4 Qb6 18. Nxa5 cxd4 19. cxd5 exd5 20. b4 Re8 21. Bb5 Ngf8 22.
Nb3 d3 23. Qe3 Qxe3 24. Bxe3 Bxb4 25. Rc7 Nxe5 26. Nxe5 Rxe5 27. Rxb7 Ne6 28.
Rd1 d4 29. Nxd4 Nxd4 30. Bxd4 Re1+ 31. Rxe1 Bxe1 32. Be3 Rd8 33. Rd7 Rxd7 34.
Bxd7 d2 35. Bg4 Bc2 36. Kf1 Bxa4 37. h5 Bb5+ 38. Kg2 Ba4 39. Kf1 f5 40. Bf3 Bb3
41. Bf4 Bc4+ 42. Kg2 Bb3 43. Kf1 Kf7 44. Be5 Bc4+ 45. Kg1 Bb3 46. Kf1 Bxf2 47.
Kxf2 d1=Q 48. Bxd1 Bxd1 49. Bc3 Bxh5 50. Bd4 Bd1 51. Bc3 g5 52. Bb4 Kg7 53. Bc5
Kg6 54. Bf8 Bb3 55. Ke3 Bd5 56. Kf2 h5 57. Be7 Bb7 58. Bd8 f4 59. gxf4 gxf4 60.
Bb6 Kf5 61. Bc5 Kg4 62. Bb6 h4 63. Bc5 h3 64. Kg1 Kg3 65. Bf2+ Kf3 66. Bc5 Ke2
67. Bd6 f3 68. Bc5 f2+ 69. Bxf2 h2+ 70. Kxh2 Kxf2 1/2-1/2

[Event "37th ECC Women 2022"]
[Site "Mayrhofen AUT"]
[Date "2022.10.06"]
[Round "4.3"]
[Board "1"]
[White "Mammadzada, Gunay"]
[Black "Kashlinskaya, Alina"]
[Result "0-1"]
[WhiteTitle "IM"]
[BlackTitle "IM"]
[WhiteElo "2483"]
[BlackElo "2482"]
[WhiteTeam "Odlar Yurdu"]
[BlackTeam "BGK KS Gwiazda Bydgoszcz"]
[WhiteFideId "13403729"]
[BlackFideId "4198026"]
[EventDate "2022.10.03"]

1. d4 Nf6 2. c4 g6 3. h4 Bg7 4. Nc3 d6 5. e4 O-O 6. Be2 c5 7. d5 e6 8. h5 exd5
9. exd5 Re8 10. h6 Bh8 11. Bg5 Qb6 12. b3 Ne4 13. Nxe4 Rxe4 14. Kf1 Nd7 15. Nf3
a5 16. a4 Ne5 17. Nd2 Rd4 18. Be3 Bf5 19. Bxd4 cxd4 20. g4 Bd7 21. f4 d3 22.
fxe5 dxe2+ 23. Qxe2 Bxe5 24. Re1 Rf8 25. Kg2 Qd4 26. Rh4 Qf4 27. Qe3 g5 28. Rhh1
Qxg4+ 29. Kf1 f6 30. Re2 Bf5 31. Rg1 Qh4 32. Qf2 Bh3+ 33. Ke1 Qxh6 34. Kd1 Qg6
35. Qe3 Bf5 36. Nf3 Bf4 37. Qd4 Bg4 38. Nd2 Bxe2+ 39. Kxe2 Re8+ 40. Kd1 Be3 0-1

[Event "37th ECC Women 2022"]
[Site "Mayrhofen AUT"]
[Date "2022.10.06"]
[Round "4.3"]
[Board "2"]
[White "Kiolbasa, Oliwia"]
[Black "Fataliyeva, Ulviyya"]
[Result "1/2-1/2"]
[WhiteTitle "WIM"]
[BlackTitle "IM"]
[WhiteElo "2404"]
[BlackElo "2422"]
[WhiteTeam "BGK KS Gwiazda Bydgoszcz"]
[BlackTeam "Odlar Yurdu"]
[WhiteFideId "1154613"]
[BlackFideId "13403052"]
[EventDate "2022.10.03"]

1. e4 c6 2. d4 d5 3. e5 Bf5 4. h4 h5 5. Bd3 Bxd3 6. Qxd3 e6 7. Bg5 Be7 8. Nf3
Nh6 9. Nc3 Nf5 10. Ne2 c5 11. c3 cxd4 12. Nexd4 Nxd4 13. cxd4 Qa5+ 14. Kf1 Qa6
15. Qxa6 Nxa6 16. Rc1 Kd7 17. Ke2 Rac8 18. a3 Rc7 19. Rxc7+ Nxc7 20. Rc1 Bxg5
21. Nxg5 f6 22. Nf3 Rh6 23. Kd3 Na8 24. Rg1 Nb6 25. g4 hxg4 26. Rxg4 Rh7 27. h5
Ke7 28. Nd2 Kf8 29. Rh4 g5 30. Rh1 fxe5 31. dxe5 Rf7 32. h6 Kg8 33. Rg1 Kh7 34.
Rxg5 Kxh6 35. Rg8 Nd7 36. Re8 Kg5 37. Ke3 Kf5 38. f4 Nf8 39. Nf3 Kg4 40. Nh2+
Kg3 41. Nf1+ Kg4 42. Nh2+ 1/2-1/2

[Event "37th ECC Women 2022"]
[Site "Mayrhofen AUT"]
[Date "2022.10.06"]
[Round "4.3"]
[Board "3"]
[White "Mammadova, Gulnar"]
[Black "Cyfka, Karina"]
[Result "1/2-1/2"]
[WhiteTitle "IM"]
[BlackTitle "IM"]
[WhiteElo "2389"]
[BlackElo "2347"]
[WhiteTeam "Odlar Yurdu"]
[BlackTeam "BGK KS Gwiazda Bydgoszcz"]
[WhiteFideId "13403508"]
[BlackFideId "1122681"]
[EventDate "2022.10.03"]

1. e4 e5 2. Nf3 Nc6 3. d4 exd4 4. Nxd4 Nf6 5. Nxc6 bxc6 6. e5 Qe7 7. Qe2 Nd5 8.
h4 Qe6 9. c4 Bb4+ 10. Nd2 Nf4 11. Qe4 Ng6 12. f4 f5 13. Qf3 Rb8 14. h5 Ne7 15.
b3 c5 16. Bb2 a5 17. Rd1 a4 18. bxa4 Bb7 19. Qe3 Bc6 20. Kf2 Bxa4 21. Nb3 Nc6
22. Bd3 Na5 23. g4 Nxc4 24. Bxc4 Qxc4 25. Rc1 Qe6 26. gxf5 Qxf5 27. Rhg1 Rg8 28.
Rg5 Qf7 29. e6 dxe6 30. Re5 Bd7 31. Rc2 Rf8 32. Kg3 c4 33. Nc5 Bxc5 34. Rxc5 Rb5
35. Rxb5 Bxb5 36. Ba3 Qf5 37. Rb2 Rf6 38. Qf3 c6 39. Bd6 Qd3 40. Be5 Rf5 41. a4
Qxf3+ 42. Kxf3 Bxa4 43. Rb8+ Kd7 44. Rb7+ Kc8 45. Rb8+ Kd7 46. Rb7+ 1/2-1/2

[Event "37th ECC Women 2022"]
[Site "Mayrhofen AUT"]
[Date "2022.10.06"]
[Round "4.3"]
[Board "4"]
[White "Majdan, Joanna"]
[Black "Balajayeva, Khanim"]
[Result "1-0"]
[WhiteTitle "WGM"]
[BlackTitle "WGM"]
[WhiteElo "2301"]
[BlackElo "2384"]
[WhiteTeam "BGK KS Gwiazda Bydgoszcz"]
[BlackTeam "Odlar Yurdu"]
[WhiteFideId "1121979"]
[BlackFideId "13406396"]
[EventDate "2022.10.03"]

1. e4 e5 2. Nc3 Nf6 3. d4 exd4 4. Qxd4 Nc6 5. Qd3 Bb4 6. Bd2 O-O 7. O-O-O Re8 8.
Nge2 d6 9. Bg5 Bxc3 10. Nxc3 h6 11. Bh4 Ne5 12. Qd4 g5 13. Bg3 Qe7 14. f3 Ng6
15. Bb5 Bd7 16. Bxd7 Nxd7 17. Nd5 Qd8 18. Kb1 Nde5 19. h4 gxh4 20. Bf2 Kh7 21.
f4 Ng4 22. f5 N6e5 23. Bxh4 f6 24. Qd2 Rf8 25. Bg3 Nf7 26. Rh4 Rg8 27. Rdh1 c6
28. Ne3 Nxe3 29. Qxe3 Kg7 30. Bf4 Kf8 31. Bxh6+ Ke7 32. Bf4 Rxg2 33. Qb3 Qd7 34.
Rh7 Rf8 35. Bh6 Rgg8 36. a3 b6 37. Bxf8+ Rxf8 38. Rg1 d5 39. Rgg7 Ke8 40. exd5
cxd5 41. Qc3 d4 42. Qf3 Kd8 43. Qa8+ Ke7 44. Qe4+ Kd8 45. Qe6 1-0

[Event "37th ECC Women 2022"]
[Site "Mayrhofen AUT"]
[Date "2022.10.06"]
[Round "4.4"]
[Board "1"]
[White "Sukandar, Irine Kharisma"]
[Black "Buksa, Nataliya"]
[Result "1/2-1/2"]
[WhiteTitle "IM"]
[BlackTitle "IM"]
[WhiteElo "2401"]
[BlackElo "2413"]
[WhiteTeam "Wood Green"]
[BlackTeam "Blue & Yellow"]
[WhiteFideId "7101937"]
[BlackFideId "14123622"]
[EventDate "2022.10.03"]

1. d4 d5 2. c4 e6 3. Nf3 Nf6 4. Nc3 Nbd7 5. Bf4 Bb4 6. cxd5 exd5 7. e3 Ne4 8.
Qb3 c5 9. dxc5 Qa5 10. a3 Bxc3+ 11. bxc3 O-O 12. Qb4 Qxc5 13. Rc1 a5 14. Qxc5
Ndxc5 15. Nd4 g5 16. Bc7 Be6 17. f3 Rfc8 18. Bg3 Nxg3 19. hxg3 a4 20. Rd1 Kg7
21. g4 Nb3 22. Nxe6+ fxe6 23. c4 Ra5 24. f4 d4 25. exd4 gxf4 26. Bd3 h6 27. O-O
Nxd4 28. Rxf4 Nc6 29. Be4 Ne5 30. Rb1 Rc7 31. Rxb7 Rc5 32. Rb6 Re7 33. Rb5 Rec7
34. Rb6 Re7 35. Rb5 Rec7 36. Rb6 Rf7 37. Rxf7+ Kxf7 38. Rb5 Rxc4 39. Rxe5 Kf6
40. Rh5 Rxe4 41. Rxh6+ Kg5 42. Rh8 Re3 43. Rh3 Rb3 44. Kf2 Kxg4 45. Re3 Kf4 46.
Rxe6 Rxa3 47. Ke2 Rg3 48. Kd1 a3 49. Kc1 Rxg2 50. Kb1 a2+ 1/2-1/2

[Event "37th ECC Women 2022"]
[Site "Mayrhofen AUT"]
[Date "2022.10.06"]
[Round "4.4"]
[Board "2"]
[White "Gaponenko, Inna"]
[Black "Houska, Jovanka"]
[Result "1/2-1/2"]
[WhiteTitle "IM"]
[BlackTitle "IM"]
[WhiteElo "2348"]
[BlackElo "2354"]
[WhiteTeam "Blue & Yellow"]
[BlackTeam "Wood Green"]
[WhiteFideId "14101181"]
[BlackFideId "405094"]
[EventDate "2022.10.03"]

1. e4 c6 2. d4 d5 3. exd5 cxd5 4. Bd3 Nc6 5. c3 Qc7 6. h3 g6 7. Nf3 Nf6 8. O-O
Bf5 9. Be2 e6 10. Qa4 Be7 11. Bb5 Nd7 12. Re1 a6 13. Bf1 h5 14. b4 Kf8 15. b5
Nb6 16. Qd1 axb5 17. Bxb5 Kg7 18. a4 Na5 19. Ba3 Bxa3 20. Rxa3 Nac4 21. Ra2 Nd6
22. Qb3 Rhc8 23. Bf1 Nbc4 24. Na3 Nxa3 25. Rxa3 Ne4 26. Re3 g5 27. Bd3 g4 28.
Bxe4 dxe4 29. Nh4 Bh7 30. hxg4 hxg4 31. g3 Ra6 32. Qd1 Bf5 33. Rb3 Rc6 34. Rb5
Rxc3 35. Rxc3 Qxc3 36. Nxf5+ exf5 37. Rxf5 Qc1 38. Qxc1 Rxc1+ 39. Kg2 Kg6 40.
Rb5 Rc4 41. a5 Rxd4 42. Rxb7 Ra4 43. Re7 1/2-1/2

[Event "37th ECC Women 2022"]
[Site "Mayrhofen AUT"]
[Date "2022.10.06"]
[Round "4.4"]
[Board "3"]
[White "Arakhamia-Grant, Ketevan"]
[Black "Doluhanova, Evgeniya"]
[Result "1/2-1/2"]
[WhiteTitle "GM"]
[BlackTitle "WGM"]
[WhiteElo "2333"]
[BlackElo "2264"]
[WhiteTeam "Wood Green"]
[BlackTeam "Blue & Yellow"]
[WhiteFideId "13600168"]
[BlackFideId "14112035"]
[EventDate "2022.10.03"]

1. e4 e5 2. Nf3 Nc6 3. Bb5 Nf6 4. d3 Bc5 5. Bxc6 dxc6 6. Nbd2 Be6 7. Qe2 Nd7 8.
Nc4 f6 9. Bd2 Qe7 10. a3 a6 11. Ne3 Bxe3 12. Bxe3 Bg4 13. h3 Bxf3 14. Qxf3 Nc5
15. O-O-O Ne6 16. d4 exd4 17. Bxd4 Ng5 18. Qf5 Ne6 19. Bc3 O-O 20. h4 Rad8 21.
e5 fxe5 22. Qxe5 Qf7 23. g3 Rfe8 24. Rxd8 Nxd8 25. Qd4 Ne6 26. Qe3 Nf8 27. Qd4
Ne6 28. Qe3 Nf8 29. Qd4 1/2-1/2

[Event "37th ECC Women 2022"]
[Site "Mayrhofen AUT"]
[Date "2022.10.06"]
[Round "4.4"]
[Board "4"]
[White "Tarleva, Diana"]
[Black "Hunt, Harriet V"]
[Result "0-1"]
[WhiteTitle "WGM"]
[BlackTitle "IM"]
[WhiteElo "2175"]
[BlackElo "2359"]
[WhiteTeam "Blue & Yellow"]
[BlackTeam "Wood Green"]
[WhiteFideId "14107244"]
[BlackFideId "403512"]
[EventDate "2022.10.03"]

1. e4 c5 2. c3 d5 3. exd5 Qxd5 4. Na3 Nf6 5. Nf3 e6 6. d4 cxd4 7. Nb5 Na6 8.
Qxd4 Be7 9. Bf4 O-O 10. Qxd5 Nxd5 11. Bd6 Bxd6 12. Nxd6 Nc5 13. Bc4 Rd8 14. Bxd5
Nd3+ 15. Ke2 Nf4+ 16. Kf1 Rxd6 17. Bc4 b5 18. Be2 Ba6 19. Rc1 Rc8 20. Ne1 Rd2
21. Rc2 Rcd8 22. Bf3 b4+ 23. Kg1 bxc3 24. bxc3 Be2 25. Rxd2 Rxd2 26. Bxe2 Nxe2+
27. Kf1 Nxc3 28. a3 Nd1 29. Nf3 Rxf2+ 30. Ke1 Ra2 0-1

[Event "37th ECC Women 2022"]
[Site "Mayrhofen AUT"]
[Date "2022.10.06"]
[Round "4.5"]
[Board "1"]
[White "Katkov, Michelle"]
[Black "Rakhmangulova, Anastasiya"]
[Result "0-1"]
[WhiteTitle "WFM"]
[BlackTitle "WIM"]
[WhiteElo "2219"]
[BlackElo "2261"]
[WhiteTeam "Rishon Lezion Chess Club"]
[BlackTeam "Haifa-Nesher"]
[WhiteFideId "2816393"]
[BlackFideId "14117479"]
[EventDate "2022.10.03"]

1. e4 c5 2. c3 Nf6 3. e5 Nd5 4. d4 cxd4 5. cxd4 d6 6. Nf3 Nc6 7. Bc4 Nb6 8. Bb5
Bd7 9. Nc3 dxe5 10. dxe5 g6 11. O-O Bg7 12. Bf4 O-O 13. h3 a6 14. Bd3 Qc7 15.
Qe2 Rad8 16. Rac1 Be6 17. b3 Nd5 18. Nxd5 Bxd5 19. Be4 Bxe4 20. Qxe4 Qa5 21. a4
Qd5 22. Qe3 Qd3 23. Qb6 Nd4 24. Nxd4 Qxd4 25. Qxd4 Rxd4 26. Bg3 Rb4 27. Rc3 Rd8
28. Re1 h5 29. f4 Bh6 30. e6 f6 31. Rf1 h4 32. Bxh4 Bxf4 33. Bf2 Be5 34. Rf3 Re4
35. Rc1 Rd6 36. Re3 Rxe3 37. Bxe3 Rxe6 38. Kf2 f5 39. Kf3 Kf7 40. Rc4 Rc6 41.
Rb4 Rc7 42. g4 Bc3 43. Rc4 Rxc4 44. bxc4 e5 45. h4 e4+ 46. Kf4 Kf6 47. Bc1 Be5+
48. Ke3 g5 49. Kf2 gxh4 50. gxf5 Kxf5 0-1

[Event "37th ECC Women 2022"]
[Site "Mayrhofen AUT"]
[Date "2022.10.06"]
[Round "4.5"]
[Board "2"]
[White "Belenkaya, Dina"]
[Black "Federovski, Adi"]
[Result "1-0"]
[WhiteTitle "WGM"]
[WhiteElo "2263"]
[BlackElo "1967"]
[WhiteTeam "Haifa-Nesher"]
[BlackTeam "Rishon Lezion Chess Club"]
[WhiteFideId "24142654"]
[BlackFideId "2813777"]
[EventDate "2022.10.03"]

1. e4 c5 2. Nf3 Nc6 3. Bb5 e6 4. O-O Nge7 5. Re1 a6 6. Bf1 d5 7. d3 d4 8. e5 Ng6
9. a4 Be7 10. Nbd2 O-O 11. g3 Qc7 12. Nc4 b6 13. h4 Bb7 14. h5 Nh8 15. h6 g6 16.
Bf4 Nb4 17. Nd6 Bxf3 18. Qxf3 Nxc2 19. Ne4 Qd8 20. Qg4 Nxa1 21. Rxa1 Rc8 22. b3
Rb8 23. Bg2 a5 24. Rc1 Rc8 25. Bh3 Rc6 26. Re1 Rc8 27. Bg5 Bxg5 28. Nxg5 Rc6 29.
Bg2 Rc7 30. Qf4 Rc8 31. Bh3 Rc6 32. Bg2 Rc8 33. Re2 Rc7 34. g4 Rc8 35. Re1 Rb8
36. Ne4 f5 37. Nf6+ Rxf6 38. exf6 Nf7 39. Rxe6 fxg4 40. Bd5 Kh8 41. Re7 Qd6 1-0

[Event "37th ECC Women 2022"]
[Site "Mayrhofen AUT"]
[Date "2022.10.06"]
[Round "4.5"]
[Board "3"]
[White "Reprun, Nadejda"]
[Black "Orian, Noga"]
[Result "1/2-1/2"]
[WhiteElo "1968"]
[BlackElo "1940"]
[WhiteTeam "Rishon Lezion Chess Club"]
[BlackTeam "Haifa-Nesher"]
[WhiteFideId "2806843"]
[BlackFideId "2836475"]
[EventDate "2022.10.03"]

1. e4 c5 2. Nf3 d6 3. d4 cxd4 4. Nxd4 Nf6 5. Nc3 a6 6. f3 e5 7. Nb3 Be6 8. Be3
Be7 9. Qd2 Nbd7 10. g4 O-O 11. O-O-O b5 12. g5 Nh5 13. Nd5 Bxd5 14. exd5 f6 15.
Na5 Qe8 16. Nc6 Nb8 17. Nxe7+ Qxe7 18. gxf6 Nxf6 19. Rg1 Kh8 20. Bh3 a5 21. Be6
Na6 22. f4 Nc7 23. fxe5 dxe5 24. Qg2 Nxe6 25. dxe6 Rac8 26. Qg5 Rfe8 27. Qxe5
Qxe6 28. Qxe6 Rxe6 29. Bd4 Re2 30. Rd2 Rxd2 31. Kxd2 1/2-1/2